Semiconductor-On-Insulator Materials for Nanoelectronics Applications / (Record no. 32994)

000 -LEADER
fixed length control field 03125cam a22005775i 4500
001 - CONTROL NUMBER
control field 9061457
003 - CONTROL NUMBER IDENTIFIER
control field OSt
005 - DATE AND TIME OF LATEST TRANSACTION
control field 20211022162253.0
006 - FIXED-LENGTH DATA ELEMENTS--ADDITIONAL MATERIAL CHARACTERISTICS
fixed length control field m d
007 - PHYSICAL DESCRIPTION FIXED FIELD--GENERAL INFORMATION
fixed length control field cr n
008 - FIXED-LENGTH DATA ELEMENTS--GENERAL INFORMATION
fixed length control field 100927s2011 gw | s |||| 0|eng d
020 ## - INTERNATIONAL STANDARD BOOK NUMBER
International Standard Book Number 9783642158674
024 7# - OTHER STANDARD IDENTIFIER
Standard number or code 10.1007/978-3-642-15868-1
Source of number or code doi
035 ## - SYSTEM CONTROL NUMBER
System control number (WaSeSS)ssj0000508125
038 ## - RECORD CONTENT LICENSOR
Staff Name khadija
040 ## - CATALOGING SOURCE
Modifying agency WaSeSS
Transcribing agency .
050 #4 - LIBRARY OF CONGRESS CALL NUMBER
Classification number T174.7
072 #7 - SUBJECT CATEGORY CODE
Subject category code TDPB
Source bicssc
072 #7 - SUBJECT CATEGORY CODE
Subject category code TEC027000
Source bisacsh
082 04 - DEWEY DECIMAL CLASSIFICATION NUMBER
Classification number 621.3815
Edition number 23
Author Mark SEM
100 1# - MAIN ENTRY--PERSONAL NAME
Personal name Nazarov, Alexei.
Relator term editor.
9 (RLIN) 83371
210 10 - ABBREVIATED TITLE
Abbreviated title Semiconductor-On-Insulator Materials for Nanoelectronics Applications
245 10 - TITLE STATEMENT
Title Semiconductor-On-Insulator Materials for Nanoelectronics Applications /
Statement of responsibility, etc. edited by Alexei Nazarov, J.-P. Colinge, Francis Balestra, Jean-Pierre Raskin, Francisco Gamiz, V.S. Lysenko.
260 ## - PUBLICATION, DISTRIBUTION, ETC.
Date of publication, distribution, etc. 2011.
490 1# - SERIES STATEMENT
Series statement Engineering Materials,
International Standard Serial Number 1612-1317
505 0# - FORMATTED CONTENTS NOTE
Formatted contents note New semiconductor-on-insulator materials -- Physics of modern SemOI devices -- Diagnostics of the SOI devices -- Sensors and MEMS on SOI.
506 ## - RESTRICTIONS ON ACCESS NOTE
Terms governing access License restrictions may limit access.
520 ## - SUMMARY, ETC.
Summary, etc. "Semiconductor-On-Insulator Materials for NanoElectonics Applications” is devoted to the fast evolving field of modern nanoelectronics, and more particularly to the physics and technology of nanoelectronic devices built on semiconductor-on-insulator (SemOI) systems. The book contains the achievements in this field from leading companies and universities in Europe, USA, Brazil and Russia. It is articulated around four main topics: 1. New semiconductor-on-insulator materials; 2. Physics of modern SemOI devices; 3. Advanced characterization of SemOI devices; 4. Sensors and MEMS on SOI. "Semiconductor-On-Insulator Materials for NanoElectonics Applications” is useful not only to specialists in nano- and microelectronics but also to students and to the wider audience of readers who are interested in new directions in modern electronics and optoelectronics.
563 ## - BINDING INFORMATION
Binding note Hardcover
650 #0 - SUBJECT ADDED ENTRY--TOPICAL TERM
Topical term or geographic name entry element Engineering.
650 #0 - SUBJECT ADDED ENTRY--TOPICAL TERM
Topical term or geographic name entry element Nanotechnology.
9 (RLIN) 2826
650 #0 - SUBJECT ADDED ENTRY--TOPICAL TERM
Topical term or geographic name entry element Surfaces (Physics).
9 (RLIN) 20199
650 14 - SUBJECT ADDED ENTRY--TOPICAL TERM
Topical term or geographic name entry element Engineering.
9 (RLIN) 83372
650 24 - SUBJECT ADDED ENTRY--TOPICAL TERM
Topical term or geographic name entry element Nanotechnology and Microengineering.
9 (RLIN) 83373
650 24 - SUBJECT ADDED ENTRY--TOPICAL TERM
Topical term or geographic name entry element Nanotechnology.
9 (RLIN) 2826
650 24 - SUBJECT ADDED ENTRY--TOPICAL TERM
Topical term or geographic name entry element Semiconductors.
9 (RLIN) 11016
650 24 - SUBJECT ADDED ENTRY--TOPICAL TERM
Topical term or geographic name entry element Characterization and Evaluation of Materials.
9 (RLIN) 83289
700 1# - ADDED ENTRY--PERSONAL NAME
Personal name Colinge, J.-P.
Relator term editor.
9 (RLIN) 83374
700 1# - ADDED ENTRY--PERSONAL NAME
Personal name Balestra, Francis.
Relator term editor.
9 (RLIN) 83375
700 1# - ADDED ENTRY--PERSONAL NAME
Personal name Raskin, Jean-Pierre.
Relator term editor.
9 (RLIN) 83376
700 1# - ADDED ENTRY--PERSONAL NAME
Personal name Gamiz, Francisco.
Relator term editor.
9 (RLIN) 83377
700 1# - ADDED ENTRY--PERSONAL NAME
Personal name Lysenko, V.S.
Relator term editor.
9 (RLIN) 83378
710 2# - ADDED ENTRY--CORPORATE NAME
Corporate name or jurisdiction name as entry element SpringerLink (Online service)
9 (RLIN) 81564
773 0# - HOST ITEM ENTRY
Title Springer eBooks
773 #0 - HOST ITEM ENTRY
Title SpringerLink ebooks - Chemistry and Materials Science (2011)
776 08 - ADDITIONAL PHYSICAL FORM ENTRY
Relationship information Printed edition:
International Standard Book Number 9783642158674
830 #0 - SERIES ADDED ENTRY--UNIFORM TITLE
Uniform title Engineering Materials,
9 (RLIN) 34636
856 40 - ELECTRONIC LOCATION AND ACCESS
Uniform Resource Identifier <a href="http://www.columbia.edu/cgi-bin/cul/resolve?clio9061457">http://www.columbia.edu/cgi-bin/cul/resolve?clio9061457</a>
Public note Full text available from SpringerLink ebooks - Chemistry and Materials Science (2011)
910 ## - USER-OPTION DATA (OCLC)
User-option data Vendor-generated brief record
942 ## - ADDED ENTRY ELEMENTS (KOHA)
Source of classification or shelving scheme
Koha item type Book
Holdings
Withdrawn status Lost status Source of classification or shelving scheme Damaged status Not for loan Permanent Location Current Location Shelving location Date acquired Full call number Barcode Date last seen Price effective from Koha item type
          School of Mechanical & Manufacturing Engineering (SMME) School of Mechanical & Manufacturing Engineering (SMME) General Stacks 12/17/2015 621.3815 SEM SMME-2016 04/03/2018 12/17/2015 Book
© 2023 Central Library, National University of Sciences and Technology. All Rights Reserved.